Who's afraid of Virginia Woolf? /

I tiakina i:
Ngā taipitopito rārangi puna kōrero
Kaituhi matua: Albee, Edward (Author)
Hōputu: Pukapuka
Reo:Ingarihi
I whakaputaina: Harmondsworth : Penguin books, 1965
Rangatū:Penguin plays ; PL61
Ngā Tūtohu: Tāpirihia he Tūtohu
Kāore He Tūtohu, Me noho koe te mea tuatahi ki te tūtohu i tēnei pūkete!

MARC

LEADER 00000nam a22000007i 4500
001 IT\ICCU\MOD\0129854
003 ItRI
005 20260115231813.0
008 010330s1965 xxk|||||| ||||| |||||c
020 |a 0140480617 (Rist. 1970) 
040 |b ita  |c importazione bologna sebina 
041 7 |a eng  |2 ISO-639-2 
100 1 |a Albee, Edward  |0 IT\ICCU\CFIV\070662  |4 aut 
245 1 0 |a Who's afraid of Virginia Woolf? /  |c Edward Albee. 
260 |a  Harmondsworth :  |b Penguin books,  |c 1965 
300 |a 140 p. ;  |c 18 cm 
790 1 |a Albee, Edward Franklin  |3 IT\ICCU\SBNV\064226  |z Albee, Edward 
830 0 |a Penguin plays ;  |v PL61  |0 IT\ICCU\RAV\0130369 
942 |2 ddc  |c BK  |n 0 
952 |0 0  |1 0  |4 0  |6 DOC_812_540000000000000_ALB  |7 0  |9 13014  |a BO  |b BO  |d 2026-01-15  |i 14374  |l 0  |o DOC 812.54 ALB  |p BO14374  |r 2026-01-15 23:18:13  |w 2026-01-15  |x [Sebina 5] [1 v.]  |y BK  |z 1 v. 
999 |c 11146  |d 11146